Only Angel - Harry Styles (All Lyrics) - Statistics

General Stats
  • This quiz has been taken 10 times
  • The average score is 217 of 300
Answer Stats
Lyrics % Correct
(Oh,
100%
you
100%
your
100%
a
86%
about
86%
an
86%
and
86%
And
86%
angel
86%
angel,
86%
be
86%
between
86%
brother
86%
can
86%
devil
86%
do
86%
floor
86%
I
86%
in
86%
it
86%
it,
86%
just
86%
me
86%
my
86%
nothin'
86%
nothing
86%
on
86%
only
86%
she
86%
She
86%
sheets
86%
She's
86%
she's
86%
the
86%
there's
86%
thought
86%
to
86%
up
86%
we
86%
When
86%
admit
71%
bedroom
71%
crawling
71%
'cross
71%
door
71%
eyes,
71%
gonna
71%
got
71%
her
71%
I'd
71%
knuckles
71%
like
71%
make
71%
mine
71%
must
71%
one
71%
Open
71%
out
71%
see
71%
splinters
71%
teeth
71%
That
71%
that
71%
Told
71%
told
71%
turns
71%
wait
71%
(Yeah,
71%
yeah,
71%
yeah)
71%
As
57%
been
57%
Broke
57%
business
57%
But
57%
die,
57%
die)
57%
die
57%
every
57%
finger
57%
getting
57%
hallway
57%
happy
57%
I'm
57%
knocking
57%
love
57%
mother
57%
mouth
57%
(Ooh)
57%
(Ooh,
57%
ooh)
57%
ooh,
57%
(Ooh),
57%
really
57%
saw
57%
short
57%
shut
57%
signs
57%
single
57%
skirt
57%
still
57%
stuck
57%
that's
57%
think
57%
through
57%
time
57%
(Wanna
57%
wanna
57%
Wanna
57%
warning
57%
went
57%
what
57%
who's
57%
with
57%
Couldn't
43%
End
43%
Hey,
43%
hey
43%
hey,
43%
hey)
43%
home
43%
meetin'
43%
take
43%
this
43%
tonight
43%
ow,
29%
(Ow)
29%
Ow
29%
is
0%
now)
0%
(Right
0%
No matching quizzes found
Score Distribution
Percent of People with Each Score
Percentile by Number Answered
Your Score History
You have not taken this quiz